000
00193nam a2200073Ia 4500
008
170817s9999 xx 000 0 und d
100
_a
Satsangi. G.P
245
0
_a
Samaajik Adhyayan Shikshaan
260
_b
Agarwal Prakashan Agara
999
_c
39370
_d
39370